000 00327nam a22001457a 4500
003 SGT
020 _a1-7619-0533-2
082 _a150, P96A
100 _aADAMS, GERALD R.
245 _aPSYCHOSOCIAL DEVELOPMENT DURING ADOLESCENCE
260 _aLONDON
_bSAGE
_c1996
300 _a322
650 _aPSYCHOLOGY
942 _2ddc
_cBK
999 _c8337
_d8337